Sociología política de las reformas educativas : el poder/saber en la enseñanza, la formación del profesorado y la investigación.

Guardado en:
Detalles Bibliográficos
Autor principal: Popkewitz, Thomas S. (autor)
Otros autores: Manzano, Pablo, tr (autor) tr, (autor)
Formato: Libro
Idioma:Español
Colección:(Pedagogía educación crítica)
Temas:
Etiquetas: Agrega una etiqueta
Sin etiquetas, Sé el primero en etiquetar este registro!

MARC

LEADER 00000cam^a2200000uu^4500
001 000462736
005 20250521000000.0
008 050901s1991^^^^^^^^^^^^rd^r^^000^0^spa^d
009 20260310124256.498
022 |a 8471123851 
035 |a FCE 000005284 
035 |a FCE 020588 
037 |a Acervo ITESO - Biblioteca 
041 |a spa 
082 0 4 |a 370.71  |b POPs 
100 |a Popkewitz, Thomas S.  |e (autor) 
245 1 0 |a Sociología política de las reformas educativas :  |b el poder/saber en la enseñanza, la formación del profesorado y la investigación. 
264 |a Madrid :  |b Morata : Fundación Paideia,  |c 1991. 
300 |a 295 p. 
336 |a texto  |b txt  |2 rdacontenido 
337 |a sin mediación  |b n  |2 rdamedio 
338 |a volumen  |b nc  |2 rdasoporte 
440 0 |a (Pedagogía educación crítica) 
596 |a Traducción de : a political sociology of educational reform : power/knowledge in teaching, teacher education and research 
649 |a XX 
650 |a Teoría 
650 |a Cambio de la educación 
650 |a Formación profesional 
650 |a Currículo 
650 |a Reforma de la educación 
650 |a Psicología Cognitiva 
650 |a Relación universidad-estado 
650 |a Socialización política 
650 |a Formación de docentes 
650 |a Investigación educacional 
650 |a Políticas de educación 
700 |a Manzano, Pablo,  |e tr  |e (autor) 
910 |a Fondo Centro de Estudios Educativos 
920 |a Impresos - Libros 
930 |a Fondos Especiales 
905 |a 133 
901 |a ALE020588  |b IT2  |c CEE  |u 20250521 
902 |a https://opac.biblio.iteso.mx/vufind/Record/000462736